Neharmonizované spotrebné dane v rámci krajín Európskej únie diplomová práca

Salvato in:
Dettagli Bibliografici
Autore principale: Lachová, Jana
Ente Autore: Národohospodárska fakulta EU. Katedra financií
Altri autori: Válek, Juraj, 1981-
Natura: Libro
Lingua:slovacco
Pubblicazione: Bratislava 2018
Tags: Aggiungi Tag
Nessun Tag, puoi essere il primo ad aggiungerne!!

MARC

LEADER 00000nbm a2200000 4500
001 0244277
005 20181126100519.6
041 0 |a slo 
044 |a SK 
245 1 0 |a Neharmonizované spotrebné dane v rámci krajín Európskej únie  |b diplomová práca  |c Jana Lachová ; školiteľ: Juraj Válek 
264 1 |a Bratislava  |c 2018 
300 |a 78 s. 
100 1 |a Lachová, Jana 
700 1 |a Válek, Juraj, 1981- 
710 2 |a Národohospodárska fakulta EU. Katedra financií